Cinco poetas jóvenes

保存先:
書誌詳細
主要な著者: Franco, Gabriel Jaime (著者), Darío Lotero, Rubén (著者), Quintero, María Elena (著者), Cabeto (著者), Arango, Hernando (著者)
フォーマット: 図書
言語:スペイン語
出版事項: Medellín Politécnico Colombiano 1983
シリーズ:Colección Literaria Portafolio de Oriente, 11
主題:
タグ: タグ追加
タグなし, このレコードへの初めてのタグを付けませんか!

MARC

LEADER 00000nam a2200000 a 4500
001 UCQ6828
003 CL-VaPUC
008 981023e19830000CK |||||||||||||||||spa|d
082 0 4 |a Co861.08  |b FRA  |2 21 
100 0 |a Franco, Gabriel Jaime  |e author  |9 420758 
700 0 |a Darío Lotero, Rubén  |e author  |9 420759 
700 0 |a Quintero, María Elena  |e author  |9 420760 
700 0 |a Cabeto  |e author  |9 420761 
700 0 |a Arango, Hernando  |e author  |9 420762 
245 1 0 |a Cinco poetas jóvenes 
300 |a 142 p 
942 |c BK 
945 |d 19981023 00:00:00  |a crobeson 
260 |a Medellín  |b Politécnico Colombiano  |c 1983 
650 7 |a POESIAS COLOMBIANAS  |2 CL-VaPUC  |9 420763 
650 0 |a Literatura colombiana   |9 315578 
650 0 |a Antologías  |9 309836 
583 |a last modification  |c 19981023 00:00:00  |k Rodrigo Vera 
490 0 |a Colección Literaria Portafolio de Oriente, 11 
999 |c 276732  |d 276730 
952 |0 0  |1 0  |4 0  |6 CO_861_080000000000000_FRA_1983  |7 0  |8 A  |9 314175  |a BIBEDU  |b BIBEDU  |d 2019-11-20  |i 148415K  |o Co861.08 FRA 1983  |p 148415K  |r 2019-11-20  |w 2019-11-20  |y BK  |k LIT